Hỏi đáp kỹ thuật chăn nuôi lợn nái sinh sản ở nông hộ/ T6: Dong riềng, khoai sáp...
v.v...
Đã lưu trong:
| Tác giả chính: | |
|---|---|
| Định dạng: | Sách |
| Năm xuất bản: |
H.:
Lao động xã hội,
2005.-
|
| Chủ đề: | |
| Tags: |
Thêm thẻ
Không có thẻ, Hãy là người đầu tiên gắn thẻ bản ghi này!
|
| LEADER | 02095nam a2200253 4500 | ||
|---|---|---|---|
| 082 | |a 633.68 |b NG527TH | ||
| 100 | |a Nguyễn Thị Ngọc Huệ | ||
| 245 | |a Hỏi đáp kỹ thuật chăn nuôi lợn nái sinh sản ở nông hộ/ |c Nguyễn Thị Ngọc Huệ, Đinh Thế Lộc.- |p T6: Dong riềng, khoai sáp... | ||
| 260 | |a H.: |c 2005.- |b Lao động xã hội, | ||
| 300 | |c 21 cm |a 119 tr. | ||
| 520 | |a v.v... | ||
| 653 | |a Cây lấy củ - trồng trọt | ||
| 942 | |2 ddc |c STK0 | ||
| 999 | |c 6200 |d 6200 | ||
| 952 | |0 0 |1 0 |2 ddc |4 0 |6 633_680000000000000_NG527TH |7 0 |8 600 |9 56609 |a qbu |b qbu |c D3 |d 2015-01-15 |g 17000 |o 633.68 NG527TH |p 6273.c1 |r 0000-00-00 |w 2015-01-15 |y STK0 | ||
| 952 | |0 0 |1 0 |2 ddc |4 0 |6 633_680000000000000_NG527TH |7 0 |8 600 |9 56610 |a qbu |b qbu |c D3 |d 2015-01-15 |g 17000 |o 633.68 NG527TH |p 6273.c2 |r 0000-00-00 |w 2015-01-15 |y STK0 | ||
| 952 | |0 0 |1 0 |2 ddc |4 0 |6 633_680000000000000_NG527TH |7 0 |8 600 |9 56611 |a qbu |b qbu |c D3 |d 2015-01-15 |g 17000 |o 633.68 NG527TH |p 6273.c3 |r 0000-00-00 |w 2015-01-15 |y STK0 | ||
| 952 | |0 0 |1 0 |2 ddc |4 0 |6 633_680000000000000_NG527TH |7 0 |8 600 |9 56612 |a qbu |b qbu |c D3 |d 2015-01-15 |g 17000 |o 633.68 NG527TH |p 6273.c4 |r 0000-00-00 |w 2015-01-15 |y STK0 | ||
| 952 | |0 0 |1 0 |2 ddc |4 0 |6 633_680000000000000_NG527TH |7 0 |8 600 |9 56613 |a qbu |b qbu |c D3 |d 2015-01-15 |g 17000 |o 633.68 NG527TH |p 6273.c5 |r 0000-00-00 |w 2015-01-15 |y STK0 | ||
| 952 | |0 0 |1 0 |2 ddc |4 0 |6 633_680000000000000_NG527TH |7 0 |8 600 |9 56614 |a qbu |b qbu |c D3 |d 2015-01-15 |g 17000 |o 633.68 NG527TH |p 6273.c6 |r 0000-00-00 |w 2015-01-15 |y STK0 | ||
| 952 | |0 0 |1 0 |2 ddc |4 0 |6 633_680000000000000_NG527TH |7 0 |8 600 |9 56615 |a qbu |b qbu |c D3 |d 2015-01-15 |g 17000 |o 633.68 NG527TH |p 6273.c7 |r 0000-00-00 |w 2015-01-15 |y STK0 | ||
| 952 | |0 0 |1 0 |2 ddc |4 0 |6 633_680000000000000_NG527TH |7 0 |8 600 |9 56616 |a qbu |b qbu |c D3 |d 2015-01-15 |g 17000 |o 633.68 NG527TH |p 6273.c8 |r 0000-00-00 |w 2015-01-15 |y STK0 | ||
| 952 | |0 0 |1 0 |2 ddc |4 0 |6 633_680000000000000_NG527TH |7 0 |8 600 |9 56617 |a qbu |b qbu |c D3 |d 2015-01-15 |g 17000 |o 633.68 NG527TH |p 6273.c9 |r 0000-00-00 |w 2015-01-15 |y STK0 | ||
| 952 | |0 0 |1 0 |2 ddc |4 0 |6 633_680000000000000_NG527TH |7 0 |8 600 |9 56618 |a qbu |b qbu |c D3 |d 2015-01-15 |g 17000 |o 633.68 NG527TH |p 6273.c10 |r 0000-00-00 |w 2015-01-15 |y STK0 | ||